000 00623nam a2200241Ia 4500
003 OSt
005 20221005081811.0
006 a|||||r|||| 00| 0
007 ta
008 221004b |||||||| |||| 00| 0 eng d
024 _a67382
037 _cTextual
040 _aCRL
_cCRL
_beng
041 _2eng
_aeng
082 _aV43.N9, N3
100 _aRizvi Gowher
_9110366
245 0 _aSouth Asia in a changing international order
260 _aNew Delhi
_bSage 1993
_c1993
300 _a183p.
_ccm.
650 _aHISTORY
942 _hV43.N9, N3
_cTEXL
_2cc
999 _c988274
_d988274